000 00865nam a22002537a 4500
005 20170123162336.0
010 _a992531
020 _c12.00
035 _a992531
037 _bCen Lib/Ret
040 _aDPL
_bUR
082 _a921
_bپ و ش
100 _aظ انصاری
_9124284
245 _aپوشکیں :
_cظ انصاری
_bایلکسا ندر سر گی و چ پوشکیں کی زندگی اور متلا /
246 _aPoshkin : Elexedar Sargi v Ch Poshkin ki zindagi aur fan mutalea /
_bby Z Ansari
260 _bترقی اردو بورڈ
_aدہلی
_c1976
270 _bدہلی
300 _a232p.
_c21cm(Hb)
650 _aادب -- اردو
_9124285
650 _aاردو سوانے عمری
_9124286
650 _aLiterature -- urdu
_9124287
650 _aurdu biography
_9511
942 _2ddc
_cUR
_h921
_mپ و ش
999 _c108166
_d108166